Identify the Music Act from the Nickname #1 - Statistics

General Stats
  • This quiz has been taken 84 times
  • The average score is 6 of 10
Answer Stats
Nickname(s) Music Act % Correct
The Piano Man Billy Joel
92%
The Material Girl Madonna
88%
The Real Slim Shady Eminem
86%
The Boss Bruce Springsteen
77%
The Man In Black Johnny Cash
62%
The Prince of Darkness Ozzy Osbourne
62%
The Thin White Duke David Bowie
54%
The Coal Miner's Daughter Loretta Lynn
42%
The Hardest Working Man In Showbusiness James Brown
23%
The Peter Pan of Pop Cliff Richard
16%
No matching quizzes found
Score Distribution
Percent of People with Each Score
Percentile by Number Answered
Your Score History
You have not taken this quiz